[Event "18th Charleroi Open-A 2019"]
[Site "Charleroi"]
[Date "2019.08.02"]
[Round "8.7"]
[White "Gijsen, Stief"]
[Black "Goormachtigh, Johan"]
[Result "0-1"]
[WhiteElo "2227"]
[BlackElo "2164"]
[Annotator "ChessBase"]
[PlyCount "152"]
[EventDate "2019.07.22"]
[EventType "swiss"]
[EventCountry "BEL"]
[SourceTitle "playchess.com"]
[Source "ChessBase"]
[SourceQuality "1"]
[TimeControl "40/5400+30:1800+30"]

1. d4 {[%emt 0:00:00]} Nf6 {[%emt 0:00:00]} 2. c4 {[%emt 0:00:00]} g6 {[%emt 0:01:16]} 3. Nc3 {[%emt 0:00:00]} d5 {[%emt 0:02:36]} 4. Nf3 {[%emt 0:00:25]} Bg7 {[%emt 0:00:06]} 5. Qb3 {[%emt 0:00:10]} dxc4 {[%emt 0:00:31]} 6. Qxc4 {[%emt 0:00:06]} O-O {[%emt 0:00:33]} 7. e4 {[%emt 0:00:27]} Na6 {[%emt 0:03:02]} 8. Be2 {[%emt 0:01:10]} c5 {[%emt 0:00:08]} 9. d5 {[%emt 0:00:07]} e6 {[%emt 0:00:07]} 10. O-O {[%emt 0:00:08]} exd5 {[%emt 0:00:05]} 11. exd5 {[%emt 0:00:03]} Bf5 {[%emt 0:00:24]} 12. Rd1 {[%emt 0:00:15]} Re8 {[%emt 0:24:53]} 13. d6 {[%emt 0:04:04]} Bc2 {[%emt 0:02:20]} 14. Ng5 {[%emt 0:23:51]} Qd7 {[%emt 0:17:25]} 15. Rd2 {[%emt 0:03:10]} Bf5 {[%emt 0:02:24]} 16. h3 {[%emt 0:08:14]} h6 {[%emt 0:11:45]} 17. Nf3 {[%emt 0:03:38]} Ne4 {[%emt 0:04:15]} 18. Rd1 {[%emt 0:07:39]} Bxc3 {[%emt 0:15:03]} 19. bxc3 {[%emt 0:01:06]} Nxd6 {[%emt 0:00:07]} 20. Qd5 {[%emt 0:06:26]} Rxe2 {[%emt 0:00:18]} 21. Qxd6 {[%emt 0:22:22]} Qxd6 {[%emt 0:00:18]} 22. Rxd6 {[%emt 0:00:04]} Kg7 23. Be3 {[%emt 0:03:39]} Rc2 {[%emt 0:06:22]} 24. Rxa6 {[%emt 0:01:36]} bxa6 {[%emt 0:00:13]} 25. Bxc5 Be4 {[%emt 0:01:23]} 26. Bd4+ {[%emt 0:00:15]} Kg8 {[%emt 0:00:32]} 27. Ne5 {[%emt 0:00:21]} Rb2 {[%emt 0:03:47]} 28. Re1 {[%emt 0:03:13]} Rb1 {[%emt 0:00:05]} 29. Rxb1 {[%emt 0:00:55]} Bxb1 {[%emt 0:00:02]} 30. a3 {[%emt 0:00:57]} Bf5 {[%emt 0:00:47]} 31. Nc6 {[%emt 0:02:13]} Be4 {[%emt 0:01:01]} 32. Ne5 {[%emt 0:01:59]} h5 {[%emt 0:01:08]} 33. Nd7 {[%emt 0:03:16]} Bd3 {[%emt 0:00:43]} 34. Nc5 {[%emt 0:00:16]} Bc4 {[%emt 0:00:57]} 35. f4 {[%emt 0:00:13]} Re8 {[%emt 0:00:39]} 36. Be5 {[%emt 0:01:31]} Rd8 {[%emt 0:01:01]} 37. Bd4 {[%emt 0:00:15]} Rd6 {[%emt 0:00:53]} 38. Kf2 {[%emt 0:02:30]} Rb6 {[%emt 0:00:34]} 39. g4 {[%emt 0:00:24]} Rb2+ {[%emt 0:00:44]} 40. Kg3 {[%emt 0:00:30]} hxg4 {[%emt 0:00:36]} 41. hxg4 {[%emt 0:32:17]} Kf8 {[%emt 0:03:44]} 42. f5 {[%emt 0:00:00]} gxf5 {[%emt 0:01:51]} 43. gxf5 {[%emt 0:00:00]} Ke7 {[%emt 0:00:10]} 44. Kf4 {[%emt 0:00:00]} Ra2 {[%emt 0:04:25]} 45. a4 {[%emt 0:00:00]} Bd5 {[%emt 0:01:44]} 46. Ke5 {[%emt 0:00:00]} Bc6 {[%emt 0:01:12]} 47. f6+ {[%emt 0:00:00]} Ke8 {[%emt 0:02:46]} 48. Kd6 {[%emt 0:00:00]} Bxa4 {[%emt 0:00:37]} 49. Nxa6 {[%emt 0:00:00]} Bb3 {[%emt 0:02:01]} 50. Nb4 {[%emt 0:00:00]} Re2 {[%emt 0:10:24]} 51. Bxa7 {[%emt 0:00:00]} Re6+ {[%emt 0:00:09]} 52. Kc5 {[%emt 0:00:00]} Rxf6 {[%emt 0:00:09]} 53. Bb8 {[%emt 0:00:00]} Rh6 {[%emt 0:02:22]} 54. Be5 {[%emt 0:00:00]} Kd7 {[%emt 0:00:59]} 55. Nd3 {[%emt 0:00:18]} Rc6+ {[%emt 0:00:38]} 56. Kb4 {[%emt 0:00:33]} Be6 {[%emt 0:01:29]} 57. Nc5+ {[%emt 0:00:34]} Ke7 {[%emt 0:04:47]} 58. Kb5 {[%emt 0:03:48]} Bd7 {[%emt 0:00:00]} 59. Nxd7 {[%emt 0:00:35]} Kxd7 {[%emt 0:00:00]} 60. c4 {[%emt 0:00:36]} Re6 {[%emt 0:00:00]} 61. Bg3 {[%emt 0:00:58]} Re3 {[%emt 0:00:00]} 62. Bh2 {[%emt 0:00:10]} Re2 {[%emt 0:00:00]} 63. Bg3 {[%emt 0:00:30]} f5 {[%emt 0:00:00]} 64. c5 {[%emt 0:00:53]} Rb2+ {[%emt 0:00:00]} 65. Kc4 {[%emt 0:00:05]} Kc6 {[%emt 0:00:00]} 66. Kd4 {[%emt 0:00:37]} Re2 {[%emt 0:00:00]} 67. Bd6 {[%emt 0:00:53]} Re4+ {[%emt 0:00:00]} 68. Kd3 {[%emt 0:00:03]} Kd5 {[%emt 0:00:02]} 69. Bf8 {[%emt 0:00:46]} f4 {[%emt 0:05:58]} 70. Bh6 {[%emt 0:03:56]} Re3+ {[%emt 0:00:50]} 71. Kd2 {[%emt 0:00:07]} Ke4 {[%emt 0:04:45]} 72. c6 {[%emt 0:00:22]} Rd3+ {[%emt 0:00:10]} 73. Ke2 {[%emt 0:00:59]} Rd6 {[%emt 0:00:06]} 74. Bg7 {[%emt 0:00:42]} Rxc6 {[%emt 0:00:11]} 75. Bf8 {[%emt 0:01:02]} Rc2+ {[%emt 0:00:11]} 76. Kf1 {[%emt 0:00:04]} Ke5 {[%emt 0:06:32]} 0-1

[Event "18th Charleroi Open-A 2019"]
[Site "Charleroi"]
[Date "2019.08.02"]
[Round "8.8"]
[White "De Waele, Warre"]
[Black "Anciaux, Marc"]
[Result "0-1"]
[WhiteElo "2225"]
[BlackElo "2120"]
[Annotator "NA"]
[PlyCount "48"]
[EventDate "2019.07.22"]
[EventType "swiss"]
[EventCountry "BEL"]
[SourceTitle "playchess.com"]
[Source "ChessBase"]
[SourceQuality "1"]
[TimeControl "40/5400+30:1800+30"]

1. d4 {[%emt 1:30:30]} Nf6 {[%emt 0:03:39]} 2. Bg5 {[%emt 0:00:00]} e6 {[%emt 0:02:12]} 3. e4 {[%emt 0:00:00]} d5 {[%emt 0:00:56]} 4. e5 {[%emt 0:00:00]} h6 {[%emt 0:00:12]} 5. Bh4 {[%emt 0:00:00]} g5 {[%emt 0:00:16]} 6. Bg3 {[%emt 0:00:00]} Ne4 {[%emt 0:07:57]} 7. h4 {[%emt 0:00:00]} c5 {[%emt 0:03:00]} 8. hxg5 {[%emt 0:00:00]} Nxg3 {[%emt 0:01:19]} 9. fxg3 {[%emt 0:00:00]} Qxg5 {[%emt 0:00:18]} 10. Bb5+ {[%emt 0:00:00]} Nc6 {[%emt 0:03:46]} 11. Kf2 {[%emt 0:00:00]} cxd4 {[%emt 0:02:05]} 12. Qxd4 {[%emt 0:00:00]} Qf5+ {[%emt 0:02:36]} 13. Nf3 {[%emt 0:00:00]} Qxc2+ {[%emt 0:01:39]} 14. Qd2 {[%emt 0:00:00]} Bc5+ {[%emt 0:10:05]} 15. Kf1 {[%emt 0:00:00]} Qxd2 {[%emt 0:00:39]} 16. Nbxd2 {[%emt 0:00:00]} Bd7 {[%emt 0:00:21]} 17. Nb3 {[%emt 0:00:00]} Nxe5 {[%emt 0:02:17]} 18. Bxd7+ {[%emt 0:00:00]} Nxd7 {[%emt 0:00:11]} 19. Nxc5 {[%emt 0:00:00]} Nxc5 {[%emt 0:00:25]} 20. Rc1 {[%emt 0:00:00]} Ne4 {[%emt 0:01:58]} 21. Rh3 {[%emt 0:00:00]} Kd8 {[%emt 0:00:47]} 22. Ne5 {[%emt 0:00:00]} Rh7 {[%emt 0:01:12]} 23. Rxh6 {[%emt 0:00:00]} Rxh6 {[%emt 0:00:10]} 24. Nxf7+ {[%emt 0:00:00]} Kd7 {[%emt 0:00:59]} 0-1

[Event "18th Charleroi Open-A 2019"]
[Site "Charleroi"]
[Date "2019.08.02"]
[Round "8.9"]
[White "Decrop, Benjamin"]
[Black "De Villers, Mourad"]
[Result "1/2-1/2"]
[WhiteElo "2183"]
[BlackElo "2140"]
[Annotator "NA"]
[PlyCount "40"]
[EventDate "2019.07.22"]
[EventType "swiss"]
[EventCountry "BEL"]
[SourceTitle "playchess.com"]
[Source "ChessBase"]
[SourceQuality "1"]
[TimeControl "40/5400+30:1800+30"]

1. e4 {[%emt 1:30:30]} c5 {[%emt 1:30:30]} 2. Nf3 {[%emt 0:00:30]} g6 {[%emt 0:00:30]} 3. d4 {[%emt 0:00:30]} cxd4 {[%emt 0:00:30]} 4. Nxd4 {[%emt 0:00:30]} Nc6 {[%emt 0:00:30]} 5. c4 {[%emt 0:00:30]} Nf6 {[%emt 0:00:30]} 6. Nc3 {[%emt 0:00:30]} d6 {[%emt 0:00:30]} 7. f3 {[%emt 0:00:30]} Nxd4 {[%emt 0:00:30]} 8. Qxd4 {[%emt 0:00:30]} Bg7 {[%emt 0:00:30]} 9. Be3 {[%emt 0:00:30]} O-O {[%emt 0:00:30]} 10. Qd2 {[%emt 0:00:30]} Be6 {[%emt 0:00:30]} 11. Bd3 {[%emt 0:00:30]} Qa5 {[%emt 0:00:30]} 12. Rc1 {[%emt 0:00:30]} Rfc8 {[%emt 0:00:30]} 13. b3 {[%emt 0:00:30]} a6 {[%emt 0:00:30]} 14. Ne2 {[%emt 0:00:30]} Qd8 {[%emt 0:00:30]} 15. O-O {[%emt 0:00:30]} h5 {[%emt 0:00:30]} 16. Kh1 {[%emt 0:00:30]} Kh7 {[%emt 0:00:30]} 17. Bg5 {[%emt 0:00:30]} Rc5 18. Be3 Rcc8 19. Bg5 {[%emt 0:01:00]} Rc5 {[%emt 0:01:30]} 20. Be3 {[%emt 0:00:30]} Rcc8 {[%emt 0:00:30]} 1/2-1/2

[Event "18th Charleroi Open-A 2019"]
[Site "Charleroi"]
[Date "2019.08.02"]
[Round "8.11"]
[White "Huynh, Laurent"]
[Black "Van Mechelen, Jan"]
[Result "1/2-1/2"]
[WhiteElo "2111"]
[BlackElo "2218"]
[Annotator "NA"]
[PlyCount "43"]
[EventDate "2019.07.22"]
[EventType "swiss"]
[EventCountry "BEL"]
[SourceTitle "playchess.com"]
[Source "ChessBase"]
[SourceQuality "1"]
[TimeControl "40/5400+30:1800+30"]

1. e4 {[%emt 0:00:02]} c5 {[%emt 0:00:00]} 2. Nf3 {[%emt 0:00:08]} e6 {[%emt 0:00:15]} 3. d3 {[%emt 0:01:23]} d5 {[%emt 0:00:45]} 4. Nbd2 {[%emt 0:00:09]} Nc6 {[%emt 0:00:28]} 5. g3 {[%emt 0:00:14]} Nf6 {[%emt 0:00:44]} 6. Bg2 {[%emt 0:00:07]} Be7 {[%emt 0:00:08]} 7. O-O {[%emt 0:00:06]} O-O {[%emt 0:00:07]} 8. Re1 {[%emt 0:00:09]} b5 {[%emt 0:00:54]} 9. e5 {[%emt 0:00:41]} Ne8 {[%emt 0:00:09]} 10. c3 {[%emt 0:02:43]} b4 {[%emt 0:01:43]} 11. c4 {[%emt 0:02:34]} Nc7 {[%emt 0:01:03]} 12. Nf1 {[%emt 0:02:33]} a5 {[%emt 0:03:48]} 13. Bf4 {[%emt 0:04:23]} a4 {[%emt 0:04:48]} 14. h4 {[%emt 0:00:24]} Na5 {[%emt 0:13:17]} 15. Ne3 {[%emt 0:02:28]} b3 {[%emt 0:03:11]} 16. a3 {[%emt 0:00:08]} Bb7 {[%emt 0:00:57]} 17. Rc1 {[%emt 0:02:04]} dxc4 {[%emt 0:02:06]} 18. dxc4 {[%emt 0:00:53]} Qxd1 {[%emt 0:00:24]} 19. Rexd1 {[%emt 0:00:58]} Rfd8 {[%emt 0:01:00]} 20. Ng5 {[%emt 0:01:39]} Bxg2 {[%emt 0:01:20]} 21. Kxg2 {[%emt 0:02:09]} Nc6 {[%emt 0:01:17]} 22. Ne4 {[%emt 0:09:06]} 1/2-1/2

[Event "18th Charleroi Open-A 2019"]
[Site "Charleroi"]
[Date "2019.08.02"]
[Round "8.12"]
[White "Roger, Mehdi"]
[Black "Van Malder, Dries"]
[Result "1/2-1/2"]
[WhiteElo "2125"]
[BlackElo "2178"]
[Annotator "ChessBase"]
[PlyCount "55"]
[EventDate "2019.07.22"]
[EventType "swiss"]
[EventCountry "BEL"]
[SourceTitle "playchess.com"]
[Source "ChessBase"]
[SourceQuality "1"]
[TimeControl "40/5400+30:1800+30"]

1. e4 {[%emt 0:00:00]} c5 {[%emt 0:00:00]} 2. Nf3 {[%emt 0:00:00]} Nc6 {[%emt 0:00:00]} 3. d4 {[%emt 0:00:14]} cxd4 {[%emt 0:00:00]} 4. Nxd4 {[%emt 0:00:06]} Nf6 {[%emt 0:00:04]} 5. Nc3 {[%emt 0:00:05]} d6 {[%emt 0:00:06]} 6. Bg5 {[%emt 0:00:20]} e6 {[%emt 0:00:14]} 7. Qd2 {[%emt 0:00:07]} a6 {[%emt 0:00:05]} 8. O-O-O {[%emt 0:00:34]} Bd7 {[%emt 0:00:05]} 9. f4 {[%emt 0:01:35]} b5 {[%emt 0:00:07]} 10. Bxf6 {[%emt 0:00:44]} gxf6 {[%emt 0:00:31]} 11. Kb1 {[%emt 0:03:18]} Qb6 {[%emt 0:00:10]} 12. Nxc6 {[%emt 0:01:40]} Bxc6 {[%emt 0:00:08]} 13. f5 {[%emt 0:00:30]} Qc5 {[%emt 0:04:45]} 14. Bd3 {[%emt 0:18:41]} O-O-O {[%emt 0:05:49]} 15. Rhf1 {[%emt 0:09:55]} Be7 {[%emt 0:05:52]} 16. Ne2 {[%emt 0:31:25]} Rdg8 {[%emt 0:19:36]} 17. g3 {[%emt 0:08:36]} h5 {[%emt 0:06:05]} 18. Nf4 {[%emt 0:00:25]} Qe5 {[%emt 0:04:01]} 19. Qa5 {[%emt 0:10:16]} Kb7 {[%emt 0:12:10]} 20. Qb4 {[%emt 0:06:14]} h4 {[%emt 0:03:11]} 21. fxe6 {[%emt 0:00:16]} fxe6 {[%emt 0:00:15]} 22. Qb3 {[%emt 0:05:59]} Bd7 23. Bc4 Bc6 24. Bd3 hxg3 25. hxg3 Rxg3 26. Qxe6 Bd8 27. Qf7+ Kb8 {[%emt 0:26:56]} 28. Nd5 1/2-1/2

[Event "18th Charleroi Open-A 2019"]
[Site "Charleroi"]
[Date "2019.08.02"]
[Round "8.13"]
[White "Ghyselen, Wouter"]
[Black "Manafov, Vugar"]
[Result "1/2-1/2"]
[WhiteElo "2078"]
[BlackElo "2175"]
[Annotator "NA"]
[PlyCount "65"]
[EventDate "2019.07.22"]
[EventType "swiss"]
[EventCountry "BEL"]
[SourceTitle "playchess.com"]
[Source "ChessBase"]
[SourceQuality "1"]
[TimeControl "40/5400+30:1800+30"]

1. d4 {[%emt 0:00:00]} Nf6 {[%emt 0:06:55]} 2. c4 {[%emt 0:00:00]} e6 {[%emt 0:00:06]} 3. g3 {[%emt 0:00:00]} Bb4+ {[%emt 0:00:06]} 4. Bd2 {[%emt 0:00:06]} a5 {[%emt 0:00:05]} 5. Bg2 {[%emt 0:00:40]} d5 {[%emt 0:00:10]} 6. Nf3 {[%emt 0:00:30]} Nbd7 {[%emt 0:00:24]} 7. O-O {[%emt 0:03:54]} c6 {[%emt 0:00:12]} 8. Qc2 {[%emt 0:08:39]} O-O {[%emt 0:01:20]} 9. Bf4 {[%emt 0:05:44]} Be7 {[%emt 0:01:37]} 10. Nbd2 {[%emt 0:07:09]} Nh5 {[%emt 0:01:44]} 11. Rfd1 {[%emt 0:04:46]} g5 {[%emt 0:03:59]} 12. Be3 {[%emt 0:00:35]} f5 {[%emt 0:01:03]} 13. Nb1 {[%emt 0:02:03]} g4 {[%emt 0:03:15]} 14. Ne1 {[%emt 0:02:32]} f4 {[%emt 0:07:17]} 15. Bc1 {[%emt 0:03:16]} Bd6 {[%emt 0:01:37]} 16. e4 {[%emt 0:02:52]} f3 {[%emt 0:12:27]} 17. Bf1 {[%emt 0:06:34]} dxc4 {[%emt 0:14:25]} 18. e5 {[%emt 0:10:15]} Bb8 {[%emt 0:08:35]} 19. Bxc4 {[%emt 0:05:37]} Nb6 {[%emt 0:00:36]} 20. Bf1 {[%emt 0:06:26]} Qe8 {[%emt 0:07:04]} 21. Bh6 {[%emt 0:04:29]} Ng7 {[%emt 0:00:10]} 22. Bd3 {[%emt 0:02:37]} Qh5 {[%emt 0:00:04]} 23. Qd2 {[%emt 0:04:42]} Rd8 {[%emt 0:02:02]} 24. Qg5 {[%emt 0:03:09]} Qxg5 {[%emt 0:01:12]} 25. Bxg5 {[%emt 0:00:02]} Rxd4 {[%emt 0:00:22]} 26. Be3 {[%emt 0:12:41]} Rb4 {[%emt 0:03:30]} 27. Nc2 {[%emt 0:02:17]} Rxb2 {[%emt 0:02:30]} 28. Bd4 {[%emt 0:00:35]} Na4 {[%emt 0:00:02]} 29. Nba3 {[%emt 0:01:04]} c5 {[%emt 0:21:41]} 30. Bxb2 {[%emt 0:01:46]} Nxb2 {[%emt 0:00:30]} 31. Rd2 Nxd3 32. Rxd3 {[%emt 0:01:00]} Bxe5 {[%emt 0:01:00]} 33. Rd8+ {[%emt 0:00:30]} 1/2-1/2

[Event "18th Charleroi Open-A 2019"]
[Site "Charleroi"]
[Date "2019.08.02"]
[Round "8.14"]
[White "Partoens, Remi"]
[Black "Lacroix, Bruno"]
[Result "0-1"]
[WhiteElo "1957"]
[BlackElo "2152"]
[Annotator "NA"]
[PlyCount "89"]
[EventDate "2019.07.22"]
[EventType "swiss"]
[EventCountry "BEL"]
[SourceTitle "playchess.com"]
[Source "ChessBase"]
[SourceQuality "1"]
[TimeControl "40/5400+30:1800+30"]

1. e4 {[%emt 0:00:00]} c5 {[%emt 0:00:00]} 2. c3 {[%emt 0:00:00]} d6 {[%emt 0:00:12]} 3. d4 {[%emt 0:00:00]} Nf6 {[%emt 0:00:05]} 4. Bd3 {[%emt 0:03:55]} g6 {[%emt 0:01:20]} 5. Nf3 {[%emt 0:01:39]} Bg7 {[%emt 0:01:48]} 6. O-O {[%emt 0:00:47]} O-O {[%emt 0:00:05]} 7. h3 {[%emt 0:01:10]} Nfd7 {[%emt 0:08:13]} 8. Be3 {[%emt 0:08:55]} Nc6 {[%emt 0:00:57]} 9. Qd2 {[%emt 0:04:23]} a6 {[%emt 0:02:21]} 10. Bh6 {[%emt 0:08:53]} b5 {[%emt 0:11:24]} 11. Na3 {[%emt 0:03:21]} Qc7 {[%emt 0:04:41]} 12. Rae1 {[%emt 0:02:59]} c4 {[%emt 0:03:15]} 13. Bb1 {[%emt 0:00:22]} e5 {[%emt 0:00:09]} 14. d5 {[%emt 0:03:11]} Ne7 {[%emt 0:01:06]} 15. Bxg7 {[%emt 0:00:31]} Kxg7 {[%emt 0:00:03]} 16. Nc2 {[%emt 0:00:32]} Ng8 {[%emt 0:10:17]} 17. Ne3 {[%emt 0:00:59]} Ngf6 {[%emt 0:01:12]} 18. Nh4 {[%emt 0:00:30]} Kh8 {[%emt 0:11:22]} 19. Ng4 {[%emt 0:11:55]} Nxg4 {[%emt 0:03:36]} 20. hxg4 {[%emt 0:00:19]} Nf6 {[%emt 0:00:20]} 21. f3 {[%emt 0:00:22]} Qe7 {[%emt 0:00:32]} 22. g3 {[%emt 0:00:19]} Kg7 {[%emt 0:03:28]} 23. Re2 {[%emt 0:04:07]} h6 {[%emt 0:35:04]} 24. Rh2 {[%emt 0:00:40]} Rh8 {[%emt 0:00:00]} 25. Kg2 {[%emt 0:13:25]} Bd7 {[%emt 0:00:00]} 26. Rfh1 {[%emt 0:00:47]} Rab8 {[%emt 0:00:00]} 27. g5 {[%emt 0:08:38]} hxg5 {[%emt 0:00:00]} 28. Qxg5 {[%emt 0:00:07]} Nxd5 {[%emt 0:00:00]} 29. Qd2 {[%emt 0:00:46]} Nc7 {[%emt 0:00:00]} 30. Rd1 {[%emt 0:05:27]} Be6 {[%emt 0:00:00]} 31. Qxd6 {[%emt 0:04:30]} Qxd6 {[%emt 0:00:00]} 32. Rxd6 {[%emt 0:00:03]} Rbd8 {[%emt 0:00:00]} 33. Rxd8 {[%emt 0:00:38]} Rxd8 {[%emt 0:00:00]} 34. g4 {[%emt 0:01:54]} a5 {[%emt 0:00:00]} 35. Kg3 {[%emt 0:00:30]} f6 {[%emt 0:00:00]} 36. a3 {[%emt 0:02:00]} Na6 {[%emt 0:00:00]} 37. f4 {[%emt 0:02:10]} exf4+ {[%emt 0:00:04]} 38. Kf3 {[%emt 0:00:14]} g5 {[%emt 0:00:48]} 39. Nf5+ {[%emt 0:00:45]} Bxf5 {[%emt 0:00:06]} 40. gxf5 {[%emt 0:00:22]} Nc5 {[%emt 0:01:36]} 41. e5 {[%emt 0:30:15]} fxe5 {[%emt 0:33:35]} 42. Kg4 {[%emt 0:02:27]} Rd1 {[%emt 0:00:32]} 43. Bc2 {[%emt 0:00:05]} Rg1+ {[%emt 0:00:12]} 44. Kh5 {[%emt 0:02:09]} e4 {[%emt 0:01:17]} 45. Re2 {[%emt 0:01:18]} 0-1

[Event "18th Charleroi Open-A 2019"]
[Site "Charleroi"]
[Date "2019.08.02"]
[Round "8.17"]
[White "Boucquet, Emile"]
[Black "Roos, David"]
[Result "0-1"]
[WhiteElo "2064"]
[BlackElo "2114"]
[Annotator "NA"]
[PlyCount "67"]
[EventDate "2019.07.22"]
[EventType "swiss"]
[EventCountry "BEL"]
[SourceTitle "playchess.com"]
[Source "ChessBase"]
[SourceQuality "1"]
[TimeControl "40/5400+30:1800+30"]

1. e4 {[%emt 0:07:58]} d5 {[%emt 0:00:00]} 2. exd5 {[%emt 0:00:04]} Qxd5 {[%emt 0:00:00]} 3. Nc3 {[%emt 0:00:03]} Qa5 {[%emt 0:00:00]} 4. d4 {[%emt 0:00:04]} c6 {[%emt 0:00:00]} 5. Bd2 {[%emt 0:00:32]} Nf6 {[%emt 0:00:09]} 6. h3 {[%emt 0:03:32]} Bf5 {[%emt 0:03:40]} 7. g4 {[%emt 0:00:28]} Bg6 {[%emt 0:00:28]} 8. Bg2 {[%emt 0:05:27]} e6 {[%emt 0:04:43]} 9. f4 {[%emt 0:14:49]} Bb4 {[%emt 0:05:36]} 10. Nge2 {[%emt 0:07:43]} Nbd7 {[%emt 0:03:31]} 11. O-O {[%emt 0:00:46]} h6 {[%emt 0:05:20]} 12. Ng3 {[%emt 0:13:13]} O-O {[%emt 0:16:02]} 13. f5 {[%emt 0:04:12]} exf5 {[%emt 0:00:20]} 14. Nxf5 {[%emt 0:00:19]} Rfe8 {[%emt 0:00:32]} 15. a3 {[%emt 0:00:54]} Bf8 {[%emt 0:00:24]} 16. Kh1 {[%emt 0:08:22]} Qb6 {[%emt 0:05:01]} 17. Be1 {[%emt 0:11:00]} Rad8 {[%emt 0:06:01]} 18. Rb1 {[%emt 0:03:02]} Bxf5 {[%emt 0:04:05]} 19. Rxf5 {[%emt 0:00:18]} g6 {[%emt 0:00:11]} 20. Rf1 {[%emt 0:00:39]} Bg7 {[%emt 0:00:16]} 21. Bf2 {[%emt 0:02:40]} Qa5 {[%emt 0:01:20]} 22. Qc1 {[%emt 0:05:51]} Nf8 {[%emt 0:05:23]} 23. b4 {[%emt 0:01:08]} Qc7 {[%emt 0:00:39]} 24. b5 {[%emt 0:00:38]} Ne6 {[%emt 0:00:52]} 25. bxc6 {[%emt 0:00:26]} bxc6 {[%emt 0:00:06]} 26. Rb4 {[%emt 0:03:22]} Qd7 {[%emt 0:07:15]} 27. Qb2 {[%emt 0:00:59]} Rc8 {[%emt 0:01:34]} 28. Rb7 {[%emt 0:01:04]} Rc7 {[%emt 0:00:19]} 29. Rb1 {[%emt 0:00:26]} Nd8 {[%emt 0:16:14]} 30. Rxc7 {[%emt 0:00:37]} Qxc7 {[%emt 0:00:05]} 31. Qb8 {[%emt 0:00:48]} Qa5 {[%emt 0:01:12]} 32. Qb4 {[%emt 0:00:31]} Qc7 {[%emt 0:00:37]} 33. Bg1 {[%emt 0:01:01]} Bf8 {[%emt 0:00:49]} 34. Qa4 {[%emt 0:00:26]} 0-1

[Event "18th Charleroi Open-A 2019"]
[Site "Charleroi"]
[Date "2019.08.02"]
[Round "8.19"]
[White "Moreels, Yves"]
[Black "Vanden Bussche, Steven"]
[Result "1-0"]
[WhiteElo "2079"]
[BlackElo "2061"]
[Annotator "NA"]
[PlyCount "58"]
[EventDate "2019.07.22"]
[EventType "swiss"]
[EventCountry "BEL"]
[SourceTitle "playchess.com"]
[Source "ChessBase"]
[SourceQuality "1"]
[TimeControl "40/5400+30:1800+30"]

1. e4 {[%emt 0:00:00]} e5 {[%emt 0:00:56]} 2. Nf3 {[%emt 0:00:00]} Nc6 {[%emt 0:00:04]} 3. Bb5 {[%emt 0:00:00]} Nge7 {[%emt 0:01:52]} 4. O-O {[%emt 0:01:24]} a6 {[%emt 0:00:12]} 5. Ba4 {[%emt 0:00:13]} g6 {[%emt 0:00:18]} 6. c3 {[%emt 0:02:46]} b5 {[%emt 0:01:01]} 7. Bb3 {[%emt 0:02:01]} Bg7 {[%emt 0:00:45]} 8. d4 {[%emt 0:00:53]} exd4 {[%emt 0:00:32]} 9. cxd4 {[%emt 0:01:27]} d6 {[%emt 0:05:02]} 10. h3 {[%emt 0:02:28]} O-O {[%emt 0:00:42]} 11. a4 {[%emt 0:05:05]} Bb7 {[%emt 0:04:05]} 12. axb5 {[%emt 0:04:25]} axb5 {[%emt 0:00:10]} 13. Rxa8 {[%emt 0:00:10]} Bxa8 {[%emt 0:02:24]} 14. d5 {[%emt 0:09:34]} Na5 {[%emt 0:03:21]} 15. Bc2 {[%emt 0:02:21]} c6 {[%emt 0:12:24]} 16. dxc6 {[%emt 0:03:12]} Bxc6 {[%emt 0:01:25]} 17. Nc3 {[%emt 0:07:41]} Nc4 {[%emt 0:13:15]} 18. Nd4 {[%emt 0:07:59]} b4 {[%emt 0:02:32]} 19. Nxc6 {[%emt 0:00:42]} Nxc6 {[%emt 0:00:06]} 20. Na4 {[%emt 0:03:18]} Bd4 {[%emt 0:15:02]} 21. b3 {[%emt 0:04:44]} N4a5 {[%emt 0:08:09]} 22. Bb2 {[%emt 0:03:13]} Bxb2 {[%emt 0:08:25]} 23. Nxb2 {[%emt 0:00:10]} Qf6 {[%emt 0:00:15]} 24. Qa1 {[%emt 0:05:27]} Qc3 {[%emt 0:05:08]} 25. Rc1 {[%emt 0:07:33]} Nd4 {[%emt 0:01:06]} 26. Bd3 {[%emt 0:01:45]} Ndxb3 {[%emt 0:08:47]} 27. Rxc3 {[%emt 0:00:21]} Nxa1 {[%emt 0:00:11]} 28. Rc7 {[%emt 0:03:48]} Rb8 {[%emt 0:01:39]} 29. Ra7 {[%emt 0:02:31]} N1b3 {[%emt 0:00:02]} 1-0

[Event "18th Charleroi Open-A 2019"]
[Site "Charleroi"]
[Date "2019.08.02"]
[Round "8.20"]
[White "Hafner, Christian"]
[Black "Damlakhi, Mahmoud"]
[Result "1-0"]
[WhiteElo "2071"]
[BlackElo "2008"]
[Annotator "NA"]
[PlyCount "40"]
[EventDate "2019.07.22"]
[EventType "swiss"]
[EventCountry "BEL"]
[SourceTitle "playchess.com"]
[Source "ChessBase"]
[SourceQuality "1"]
[TimeControl "40/5400+30:1800+30"]

1. c4 {[%emt 0:00:00]} c6 {[%emt 1:30:30]} 2. Nf3 {[%emt 1:31:00]} d5 {[%emt 0:00:00]} 3. g3 {[%emt 0:00:00]} Nf6 {[%emt 0:01:00]} 4. Bg2 {[%emt 0:01:00]} e6 {[%emt 0:00:30]} 5. b3 {[%emt 0:00:30]} Be7 {[%emt 0:00:30]} 6. O-O {[%emt 0:00:30]} O-O {[%emt 0:00:30]} 7. Bb2 {[%emt 0:00:30]} Nbd7 {[%emt 0:00:30]} 8. d3 {[%emt 0:00:30]} b6 {[%emt 0:00:30]} 9. Nbd2 {[%emt 0:00:30]} Bb7 {[%emt 0:00:30]} 10. Rc1 {[%emt 0:00:30]} c5 {[%emt 0:00:30]} 11. cxd5 {[%emt 0:00:30]} exd5 {[%emt 0:00:30]} 12. Nh4 {[%emt 0:00:30]} Re8 {[%emt 0:00:30]} 13. h3 {[%emt 0:00:30]} Bf8 {[%emt 0:00:30]} 14. Re1 {[%emt 0:00:30]} Rc8 {[%emt 0:00:30]} 15. e4 {[%emt 0:00:30]} dxe4 {[%emt 0:00:30]} 16. dxe4 {[%emt 0:00:00]} Ne5 {[%emt 0:00:00]} 17. Bxe5 Rxe5 18. Qc2 {[%emt 0:00:00]} Qc7 19. Re3 {[%emt 0:00:00]} Ree8 20. Rce1 {[%emt 0:00:00]} g6 {[%emt 0:00:00]} 1-0